00729nam a22002177a 450000500170000001000130001702000100003003500130004003700160005304000120006908200130008124501670009426000340026127000760029530000240037165000150039565000300041070000230044070000220046370000260048520170124110158.0 aA-842063 c00.00 aA-842063 bCen Lib/Ret aDPLbEN a179bSTO aThe stories the tell :cedited by Lawrence Surendra, Klaus Schindler [and] Prasanna Ramaswamy /ba dialogue among philosophers, scientists and environmentalists / aMadrasbEarthworm Booksc1996 bMadrase600018aA3, Parsn Guruprasad complex, 204 T.T.K. Road, Alwarpet aiv,275p. c22cm(Hb) aPhilosophy aEnvironmental politicsv  aSurendra, Lawrence aSchindler, Klaus  aRamaswamy, Prasanna